International food ingredients directory 2007.
| Format: | Book |
|---|---|
| Published: |
West sussex:
William Reed Publishing,
2007.
|
| Subjects: |
| LEADER | 00402cam a2200121 7i4500 | ||
|---|---|---|---|
| 001 | 0000020701 | ||
| 005 | 20080227090000.0 | ||
| 090 | 0 | 0 | |a I 664.025 |b INT |
| 245 | 0 | 0 | |a International food ingredients directory 2007. |
| 260 | 0 | 0 | |a West sussex: |b William Reed Publishing, |c 2007. |
| 300 | # | # | |a 135 p. |
| 650 | 0 | 0 | |a Food industry and Trade -- |z Directories |
| 999 | |a B000021623 |b Directories |c International |e Business Information Centre | ||